Programación de obras con Project
Saved in:
| Hovedforfatter: | |
|---|---|
| Format: | Bog |
| Sprog: | spansk |
| Udgivet: |
Lima
Empresa Editora Macro
2011
|
| Udgivelse: | 1a. ed |
| Serier: | Ingeniería y Gestión
|
| Fag: | |
| Tags: |
Tilføj Tag
Ingen Tags, Vær først til at tagge denne postø!
|
MARC
| LEADER | 00000cam a2200000 a 4500 | ||
|---|---|---|---|
| 001 | UCE2989 | ||
| 003 | CL-VaPUC | ||
| 008 | 140807e20110000pe |||||||||||||||||spa|d | ||
| 020 | |a 9786123040420 | ||
| 082 | 0 | 4 | |a 690.028 |b EYZ |2 21 |
| 100 | 0 | |a Eyzaguirre Acosta, Carlos |e author |9 575534 | |
| 245 | 1 | 0 | |a Programación de obras con Project |
| 250 | |a 1a. ed | ||
| 300 | |a 374 p | ||
| 942 | |c BK | ||
| 945 | |d 20140807 14:45:00 |a arojas | ||
| 260 | |a Lima |b Empresa Editora Macro |c 2011 | ||
| 500 | |a Incluye Cd-multimedia | ||
| 650 | 0 | |a Gestión de proyectos |9 260970 | |
| 650 | 7 | |a PROJECT |2 CL-VaPUC |9 485596 | |
| 650 | 7 | |a PROGRAMAS PARA COMPUTADOR |2 CL-VaPUC |9 575535 | |
| 583 | |a last modification |c 20170510 01:22:49 |k Rodrigo Vera | ||
| 490 | 0 | |a Ingeniería y Gestión | |
| 999 | |c 356503 |d 356501 | ||